000 01387pam a2200361 i 4500
999 _c66342
_d66342
001 768714001
003 CO-MdFUSB
005 20200627201110.0
007 ta
008 980608t19981998ilu b 001 0 eng
010 _a98008647
020 _a0830815031 (alk. paper)
040 _aDLC
_cCO-MdFUSB
_dCAP
_dCO-MdFUSB
_dUtOrBLW
_bspa
_erda
041 _aeng
082 _223
_a225.92
_bW823
090 _aBS2506
100 1 _aWitherington, Ben,
_cIII,
_d1951-
_eautor
245 1 4 _aThe Paul quest :
_bthe renewed search for the Jew of Tarsus
_c/ Ben Witherington III.
264 1 _aDowners Grove, Ill. :
_bInterVarsity Press,
_c[1998]
264 4 _c©1998.
300 _a347 páginas ;
_c24 cm.
336 _atexto
_btxt
_2rdacontent.
337 _asin mediación
_bn
_2rdamedia.
338 _avolumen
_bnc
_2rdacarrier.
504 _aIncluye referencias bibliográficas (páginas [332] -339) e índices.
505 _aAl construir una personalidad antigua - Trinidad de la identidad de Pablo - Pablo el escritor y retórico -Pablo el profeta y apóstol - Pablo el realista y radical - Pablo el antropólogo y defensor - Pablo el narrador y el exégeta - Pablo el ético y teólogo - Conclusión: un retrato de Pablo.
563 _aRústico
653 _aPablo, el apóstol
942 _cBK
945 _aJTF-925